[Event "Battle of Alberta"]
[Site "Red Deer CAN"]
[Date "2010.08.21"]
[Round "2.4"]
[White "Valencia, Belsar"]
[Black "Karmali, Hafiz"]
[Result "1-0"]
[WhiteElo "2257"]
[BlackElo "2006"]
[PlyCount "85"]
[EventDate "2010.08.21"]
[EventType "team"]
[EventRounds "2"]
[EventCountry "CAN"]

1. c4 c6 2. Nf3 d5 3. d4 Nf6 4. Nc3 g6 5. cxd5 cxd5 6. Qb3 Bg7 7. Bg5 e6 8. e3
O-O 9. Bd3 b6 10. O-O Ba6 11. Nb5 Nc6 12. Rac1 Ne7 13. Qa3 Bxb5 14. Bxb5 a5 15.
Ne5 Ra7 16. f3 h6 17. Bh4 g5 18. Bf2 Rc7 19. b3 Nf5 20. Rxc7 Qxc7 21. Rc1 Qd6
22. Qb2 Ne7 23. Nd3 Rc8 24. Bg3 Qd8 25. Ne5 Rxc1+ 26. Qxc1 Qc8 27. Qxc8+ Nxc8
28. Nd7 Na7 29. Nxf6+ Bxf6 30. Bd7 Kf8 31. Bd6+ Be7 32. Bb8 Bd8 33. Bxa7 Bc7
34. h3 Ke7 35. Bb5 f6 36. Kf2 Kd8 37. Bc6 Ke7 38. Ke2 Kd6 39. Ba8 Kd7 40. e4
dxe4 41. fxe4 e5 42. dxe5 fxe5 43. Kd3 1-0

[Event "Battle of Alberta"]
[Site "Red Deer CAN"]
[Date "2010.08.21"]
[Round "2.5"]
[White "Yam, Alex"]
[Black "Hughey, Micah"]
[Result "1-0"]
[WhiteElo "2238"]
[BlackElo "2226"]
[PlyCount "77"]
[EventDate "2010.08.21"]
[EventType "team"]
[EventRounds "2"]
[EventCountry "CAN"]

1. e4 e5 2. f4 d5 3. exd5 exf4 4. Bc4 Nf6 5. Nc3 Bd6 6. Qe2+ Qe7 7. Qxe7+ Kxe7
8. d4 Bf5 9. Bb3 Nbd7 10. Nf3 h6 11. O-O Rhe8 12. Nh4 Bh7 13. Bxf4 Bxf4 14.
Rxf4 Kf8 15. Rff1 Nb6 16. Nf5 h5 17. a4 Rad8 18. d6 cxd6 19. a5 Nc8 20. a6 bxa6
21. Ba4 Re6 22. d5 Re5 23. Nd4 Ne7 24. Bb3 Rc8 25. Rxa6 Nexd5 26. Nxd5 Nxd5 27.
Nc6 Bxc2 28. Bxc2 Ne3 29. Nxe5 Nxf1 30. Rc6 Re8 31. Nf3 Ne3 32. Ba4 Rb8 33. b3
d5 34. Rc7 a6 35. h3 Rd8 36. Nd4 g5 37. Rc1 Rb8 38. Kf2 Re8 39. Bxe8 1-0

[Event "Battle of Alberta"]
[Site "Red Deer CAN"]
[Date "2010.08.21"]
[Round "2.6"]
[White "Kalisvaart, Peter"]
[Black "Booker, Brad"]
[Result "1/2-1/2"]
[WhiteElo "2213"]
[BlackElo "2188"]
[PlyCount "68"]
[EventDate "2010.08.21"]
[EventType "team"]
[EventRounds "2"]
[EventCountry "CAN"]

1. d4 Nf6 2. Bg5 g6 3. Bxf6 exf6 4. e3 Bg7 5. c4 d6 6. Nc3 Nd7 7. g3 f5 8. Bg2
Nf6 9. Nge2 O-O 10. O-O Re8 11. Qd3 c6 12. b4 Bd7 13. Rad1 Qe7 14. d5 Rad8 15.
dxc6 Bxc6 16. Nd5 Bxd5 17. Bxd5 Ng4 18. Nf4 Ne5 19. Qa3 b6 20. Ng2 Rc8 21. Qb3
Rc7 22. Rc1 Rec8 23. Nf4 h6 24. c5 dxc5 25. bxc5 Rxc5 26. Rxc5 Qxc5 27. Nd3
Nxd3 28. Qxd3 Bf6 29. h4 Rd8 30. Rd1 a5 31. e4 fxe4 32. Qxe4 Kg7 33. h5 Qe7 34.
Qf3 Qe5 1/2-1/2

[Event "Battle of Alberta"]
[Site "Red Deer CAN"]
[Date "2010.08.21"]
[Round "2.7"]
[White "Zhang, David"]
[Black "Grumic, Sasa"]
[Result "1-0"]
[WhiteElo "2157"]
[BlackElo "2159"]
[PlyCount "57"]
[EventDate "2010.08.21"]
[EventType "team"]
[EventRounds "2"]
[EventCountry "CAN"]

1. e4 g6 2. d4 Bg7 3. c3 d6 4. Bd3 Nf6 5. f4 O-O 6. Nf3 c5 7. O-O cxd4 8. cxd4
Nc6 9. d5 Nb4 10. Nc3 Qb6+ 11. Kh1 Ng4 12. Na4 Nf2+ 13. Kg1 Nh3+ 14. Kh1 Nxd3
15. Qxd3 Qa5 16. Nc3 b6 17. Qe3 Ba6 18. Re1 Rac8 19. Bd2 Bb7 20. gxh3 f5 21. e5
Rxc3 22. Bxc3 Qxd5 23. Kg2 Rc8 24. Re2 Rc4 25. Rd2 Qc6 26. exd6 Re4 27. Qd3
exd6 28. Bxg7 Rxf4 29. Rf1 1-0

[Event "Battle of Alberta"]
[Site "Red Deer CAN"]
[Date "2010.08.21"]
[Round "2.8"]
[White "Rekhson, Vladislav"]
[Black "Yearwood, Roy"]
[Result "1/2-1/2"]
[WhiteElo "2135"]
[BlackElo "2128"]
[PlyCount "106"]
[EventDate "2010.08.21"]
[EventType "team"]
[EventRounds "2"]
[EventCountry "CAN"]

1. d4 Nf6 2. c4 c5 3. d5 a6 4. Nc3 e5 5. a4 Bd6 6. Bg5 Bc7 7. Nf3 d6 8. e3 h6
9. Bh4 Ba5 10. Qc2 g5 11. Bg3 Nh5 12. Be2 f5 13. Nd2 Ng7 14. h4 Kd7 15. O-O-O
Kc7 16. Nb3 Bb4 17. f4 gxf4 18. exf4 e4 19. Na2 a5 20. Nc3 Bd7 21. Bf2 Qf6 22.
Nb5+ Bxb5 23. cxb5 Nd7 24. Kb1 Rhe8 25. Rh3 Qf7 26. Nd4 Rac8 27. b6+ Kb8 28.
Nb5 Qf8 29. Rg3 Nxb6 30. Rg6 Red8 31. Rxh6 Ne8 32. Rg6 Nf6 33. h5 Nbxd5 34. g3
e3 35. Bg1 Bd2 36. Qxf5 Ne7 37. Qxf6 Nxg6 38. Qxg6 d5 39. Qe6 Rc6 40. Qe5+ Ka8
41. Nc7+ Ka7 42. Bxe3 Bxe3 43. Nb5+ Kb6 44. Qxe3 Re8 45. Qd3 Re4 46. Bf3 Rxa4
47. Nc3 Rd4 48. Qb5+ Ka7 49. Qxa5+ Kb8 50. Rxd4 cxd4 51. Qxd5 dxc3 52. bxc3 Qa3
53. Qe5+ Rc7 1/2-1/2

[Event "Battle of Alberta"]
[Site "Red Deer CAN"]
[Date "2010.08.21"]
[Round "2.9"]
[White "Gold, Itohan"]
[Black "Willis, Bradley"]
[Result "1/2-1/2"]
[WhiteElo "2087"]
[BlackElo "2130"]
[PlyCount "57"]
[EventDate "2010.08.21"]
[EventType "team"]
[EventRounds "2"]
[EventCountry "CAN"]

1. e4 e6 2. d4 d5 3. Nd2 Nf6 4. e5 Nfd7 5. Bd3 c5 6. c3 Nc6 7. Ne2 Qb6 8. Nf3
f6 9. exf6 Nxf6 10. O-O Bd6 11. Re1 O-O 12. Bf4 Bxf4 13. Nxf4 cxd4 14. Nxe6
Bxe6 15. Rxe6 dxc3 16. bxc3 Rae8 17. Qe2 Qc5 18. Re1 Nd8 19. Bxh7+ Kxh7 20.
Ng5+ Kg8 21. Rxe8 Nxe8 22. Qxe8 Qxf2+ 23. Kh1 Nf7 24. Qe6 Qf6 25. Qxf6 gxf6 26.
Nxf7 Kxf7 27. h3 b5 28. a4 bxa4 29. Ra1 1/2-1/2

[Event "Battle of Alberta"]
[Site "Red Deer CAN"]
[Date "2010.08.22"]
[Round "2.10"]
[White "Sequillion, Aaron"]
[Black "Perron, Sean"]
[Result "1/2-1/2"]
[WhiteElo "2058"]
[BlackElo "2074"]
[PlyCount "62"]
[EventDate "2010.08.21"]
[EventType "team"]
[EventRounds "2"]
[EventCountry "CAN"]

1. e4 e6 2. d4 d5 3. e5 c5 4. c3 Nc6 5. Nf3 Qb6 6. a3 c4 7. Be2 Bd7 8. O-O f6
9. Nbd2 Na5 10. Rb1 Ne7 11. Nh4 fxe5 12. dxe5 Nec6 13. b4 cxb3 14. Nxb3 Nxb3
15. Rxb3 Qc7 16. f4 Na5 17. Rb1 Bc5+ 18. Kh1 O-O-O 19. c4 Nxc4 20. Bxc4 dxc4
21. Qc2 Bb6 22. Rb4 Kb8 23. Rxc4 Bc6 24. Nf3 Qd7 25. a4 Bxf3 26. gxf3 Rc8 27.
Ba3 Rxc4 28. Qxc4 Rc8 29. Bd6+ Bc7 30. Qd4 Bxd6 31. exd6 g6 1/2-1/2

[Event "Battle of Alberta"]
[Site "Red Deer CAN"]
[Date "2010.08.21"]
[Round "2.11"]
[White "Tam, Eric"]
[Black "Zeggelaar, Mike"]
[Result "1/2-1/2"]
[WhiteElo "2038"]
[BlackElo "1994"]
[PlyCount "117"]
[EventDate "2010.08.21"]
[EventType "team"]
[EventRounds "2"]
[EventCountry "CAN"]

1. d4 Nf6 2. Nf3 g6 3. c4 c5 4. d5 b5 5. Qc2 bxc4 6. e4 d6 7. Bxc4 Bg7 8. O-O
O-O 9. Nc3 Nbd7 10. Nd2 Nb6 11. Be2 e6 12. Nc4 exd5 13. Nxb6 axb6 14. exd5 Re8
15. Bf4 Rxe2 16. Nxe2 Nxd5 17. Rfd1 Nxf4 18. Nxf4 Be5 19. Nd5 Qh4 20. f4 Bf5
21. Qb3 Bd4+ 22. Rxd4 cxd4 23. Qxb6 Re8 24. g3 Qd8 25. Qxd8 Rxd8 26. Ne7+ Kf8
27. Nxf5 gxf5 28. Rd1 Rc8 29. Rd2 Ke7 30. Kf2 Ke6 31. Ke2 Kd5 32. Kd3 Rc1 33.
Re2 Ra1 34. a3 Rh1 35. Kc2 Kc4 36. Rd2 d3+ 37. Rxd3 Rxh2+ 38. Rd2 Rh3 39. b3+
Kc5 40. Rd3 h5 41. Kc3 h4 42. gxh4 Rxh4 43. b4+ Kc6 44. b5+ Kxb5 45. Rd5+ Ka4
46. Rxf5 Rh3+ 47. Kd4 Rxa3 48. Rxf7 Kb5 49. Rc7 Ra4+ 50. Ke3 Kb6 51. Rc2 Ra7
52. f5 Rc7 53. Rg2 Rf7 54. Kf4 Kc6 55. Rc2+ Kd7 56. Kg5 Ke7 57. Re2+ Kf8 58. f6
Ra7 59. Kg6 1/2-1/2

[Event "Battle of Alberta"]
[Site "Red Deer CAN"]
[Date "2010.08.21"]
[Round "2.12"]
[White "Pedersen, Rick"]
[Black "Daniluk, Jim"]
[Result "0-1"]
[WhiteElo "1986"]
[BlackElo "2022"]
[PlyCount "100"]
[EventDate "2010.08.21"]
[EventType "team"]
[EventRounds "2"]
[EventCountry "CAN"]

1. e4 c5 2. Nf3 Nc6 3. d4 cxd4 4. Nxd4 Nf6 5. Nc3 e5 6. Ndb5 d6 7. Nd5 Nxd5 8.
exd5 Nb8 9. c4 Be7 10. Be2 O-O 11. O-O a6 12. Nc3 f5 13. f4 Nd7 14. fxe5 Nxe5
15. Be3 Bg5 16. Qd2 f4 17. Bxf4 Qb6+ 18. Kh1 Bxf4 19. Rxf4 Rxf4 20. Qxf4 Qxb2
21. Rf1 Bd7 22. Qe3 Re8 23. Ne4 Ng6 24. Bg4 Bxg4 25. Nf6+ gxf6 26. Qxe8+ Kg7
27. h3 Qe2 28. Re1 Qxe8 29. Rxe8 Bd7 30. Rb8 b5 31. Rb7 Ne5 32. cxb5 axb5 33.
Rb6 Kf7 34. Rxd6 Ke7 35. Ra6 Nd3 36. g4 Nb4 37. Ra8 f5 38. g5 f4 39. h4 Bf5 40.
Rb8 Be4+ 41. Kg1 Nd3 42. Rxb5 f3 43. d6+ Kxd6 44. h5 Nf4 45. g6 Nh3+ 46. Kh2 f2
47. Rb6+ Ke5 48. gxh7 Bxh7 49. Rb5+ Kd4 50. Rb4+ Ke3 0-1

[Event "Bedford CC Tornado"]
[Site "Halifax CAN"]
[Date "2010.02.23"]
[Round "1"]
[White "Ferreira, Pedro"]
[Black "Cashin, Ken"]
[Result "0-1"]
[WhiteElo "1880"]
[BlackElo "1738"]
[PlyCount "76"]
[EventDate "2010.02.22"]
[EventCountry "CAN"]

1. Nf3 Nf6 2. d4 g6 3. e3 Bg7 4. b3 d5 5. Bb2 O-O 6. Bd3 c5 7. O-O b6 8. dxc5
bxc5 9. c4 Bb7 10. Nbd2 Nc6 11. cxd5 Qxd5 12. Bc4 Qh5 13. Qc1 Rad8 14. a3 e5
15. Qc2 Rfe8 16. Be2 e4 17. Nxe4 Nxe4 18. Bxg7 Kxg7 19. Rad1 Kg8 20. Rxd8 Nxd8
21. Nd4 Qg5 22. Nf3 Qf6 23. Bb5 Bc6 24. Bd3 Ng5 25. Nd2 Nh3+ 26. Kh1 Nxf2+ 27.
Kg1 Nh3+ 28. Kh1 Qg5 29. Nf3 Qxe3 30. Bc4 Bxf3 31. gxf3 Ng5 32. Qg2 Nde6 33. f4
Nxf4 34. Qb7 Qe4+ 35. Qxe4 Rxe4 36. h4 Nge6 37. Kh2 h5 38. Kg3 Re3+ 0-1

[Event "Boxing Week Sectional"]
[Site "Grande Prairie CAN"]
[Date "2010.12.29"]
[Round "1"]
[White "Caughlin, Wade"]
[Black "Miller, David"]
[Result "0-1"]
[WhiteElo "1971"]
[BlackElo "1869"]
[PlyCount "86"]
[EventDate "2010.12.29"]
[EventType "tourn"]
[EventRounds "3"]
[EventCountry "CAN"]

1. e4 c5 2. Nf3 d6 3. d4 cxd4 4. Nxd4 Nf6 5. Nc3 a6 6. Bg5 e6 7. f4 Nbd7 8. Bd3
Qb6 9. Nb3 Be7 10. Qe2 Qc7 11. O-O-O b5 12. Rhe1 Bb7 13. Nd5 Nxd5 14. exd5 Bxg5
15. dxe6 Bxf4+ 16. Kb1 Ne5 17. exf7+ Qxf7 18. g3 Bg5 19. Rf1 Bf6 20. g4 Qe7 21.
g5 Nxd3 22. Qxd3 Be5 23. h4 O-O-O 24. Na5 Qc7 25. Nxb7 Qxb7 26. Qb3 Rhf8 27. a3
Qc7 28. h5 Qc4 29. Qh3+ Kb8 30. g6 h6 31. Rf7 Rxf7 32. gxf7 Qxf7 33. Rf1 Qe7
34. Rf3 Rf8 35. Rb3 Rf4 36. Qe3 Qc7 37. Qd3 Qc4 38. Qg6 Rf2 39. a4 Rf1+ 40. Ka2
Qxa4+ 41. Ra3 Qc4+ 42. Rb3 Qa4+ 43. Ra3 Ra1+ 0-1

[Event "Boxing Week Sectional"]
[Site "Grande Prairie CAN"]
[Date "2010.12.29"]
[Round "1"]
[White "Pradzinski, Tim"]
[Black "Roy, Jim"]
[Result "1-0"]
[WhiteElo "1957"]
[BlackElo "1928"]
[PlyCount "85"]
[EventDate "2010.12.29"]
[EventType "tourn"]
[EventRounds "3"]
[EventCountry "CAN"]

1. e4 e5 2. f4 exf4 3. Nf3 Nf6 4. Nc3 d5 5. exd5 Nxd5 6. Nxd5 Qxd5 7. d4 Bg4 8.
Bxf4 Nc6 9. c3 O-O-O 10. Kf2 Bd6 11. Bxd6 Rxd6 12. Be2 Re8 13. Re1 Rde6 14. Qb3
Qh5 15. Bc4 Rxe1 16. Rxe1 Rxe1 17. Bxf7 Qf5 18. Kxe1 Na5 19. Qd5 Qf6 20. Ne5 c6
21. Qxa5 Qg5 22. Kf2 Qf4+ 23. Nf3 Qxf7 24. Qxa7 Qf5 25. Qc5 Qf4 26. Qe5 Qh6 27.
Qg5 Qe6 28. Ne5 Bd1 29. a3 g6 30. Qf4 Qa2 31. Qf8+ Kc7 32. Qf7+ Qxf7+ 33. Nxf7
b6 34. Ke3 c5 35. dxc5 bxc5 36. Kf4 Bb3 37. Ng5 h6 38. Ne4 Kc6 39. Ke5 Bc2 40.
Nd6 g5 41. b4 Bb3 42. Ne4 Kb5 43. Nxc5 1-0

[Event "Boxing Week Sectional"]
[Site "Grande Prairie CAN"]
[Date "2010.12.29"]
[Round "2"]
[White "Caughlin, Wade"]
[Black "Pradzinski, Tim"]
[Result "1/2-1/2"]
[WhiteElo "1971"]
[BlackElo "1957"]
[PlyCount "119"]
[EventDate "2010.12.29"]
[EventType "tourn"]
[EventRounds "3"]
[EventCountry "CAN"]

1. e4 c5 2. Nf3 d6 3. d4 cxd4 4. Nxd4 Nf6 5. Nc3 a6 6. Bg5 e6 7. f4 Be7 8. Qf3
Qc7 9. O-O-O Nbd7 10. g4 b5 11. Bxf6 Nxf6 12. g5 Nd7 13. f5 Bxg5+ 14. Kb1 Ne5
15. Qh5 Qd8 16. h4 Bf6 17. Nxe6 Bxe6 18. fxe6 g6 19. exf7+ Kxf7 20. Qe2 Nc4 21.
Qf2 Kg7 22. Nd5 Be5 23. Bxc4 bxc4 24. h5 Rf8 25. Qg2 Rb8 26. b3 cxb3 27. cxb3
g5 28. Rc1 Rb7 29. h6+ Kh8 30. Rhg1 Rg8 31. Qc2 a5 32. Nc7 Qd7 33. Qc6 Qxc6 34.
Rxc6 a4 35. Ne6 axb3 36. axb3 Rxb3+ 37. Kc2 Rb2+ 38. Kd3 Ra8 39. Nxg5 Rb7 40.
Kc4 Rg8 41. Kd5 Rb5+ 42. Ke6 Rg6+ 43. Kd7 Rb7+ 44. Kc8 Re7 45. Rc7 Rxc7+ 46.
Kxc7 Kg8 47. Nf3 Rxg1 48. Nxg1 Kf7 49. Nf3 Bf4 50. Nh4 d5+ 51. Kc6 dxe4 52. Kd5
e3 53. Ke4 Bxh6 54. Kf3 Ke6 55. Ng2 Kf5 56. Nxe3+ Bxe3 57. Kxe3 Kg4 58. Kf2 Kh3
59. Kg1 Kg3 60. Kh1 1/2-1/2

[Event "Boxing Week Sectional"]
[Site "Grande Prairie CAN"]
[Date "2010.12.29"]
[Round "2"]
[White "Miller, David"]
[Black "Roy, Jim"]
[Result "1-0"]
[WhiteElo "1869"]
[BlackElo "1928"]
[PlyCount "67"]
[EventDate "2010.12.29"]
[EventType "tourn"]
[EventRounds "3"]
[EventCountry "CAN"]

1. Nf3 Nf6 2. c4 e6 3. d4 Bb4+ 4. Bd2 Qe7 5. a3 Bxd2+ 6. Qxd2 d5 7. Nc3 O-O 8.
e3 Nbd7 9. cxd5 exd5 10. Bd3 b6 11. b4 Bb7 12. O-O Ne4 13. Qc2 f5 14. Nd2 Ndf6
15. Ncxe4 fxe4 16. Be2 a5 17. b5 Rac8 18. Qb3 c5 19. bxc6 Rxc6 20. Bb5 Re6 21.
Rac1 Ng4 22. Be2 Nxh2 23. Kxh2 Qh4+ 24. Kg1 Rh6 25. f4 Qg3 26. Nxe4 Qh4 27. Bf3
Kh8 28. Ng5 Ba6 29. Qxd5 Qh2+ 30. Kf2 Qh4+ 31. g3 Qh2+ 32. Bg2 Qh5 33. Rc2 Rhf6
34. Rh1 1-0

[Event "Boxing Week Sectional"]
[Site "Grande Prairie CAN"]
[Date "2010.12.29"]
[Round "3"]
[White "Pradzinski, Tim"]
[Black "Miller, David"]
[Result "1-0"]
[WhiteElo "1957"]
[BlackElo "1869"]
[PlyCount "61"]
[EventDate "2010.12.29"]
[EventType "tourn"]
[EventRounds "3"]
[EventCountry "CAN"]

1. e4 c5 2. Nf3 d6 3. d4 cxd4 4. Nxd4 Nf6 5. Nc3 a6 6. Bg5 e6 7. f4 Nbd7 8. Qf3
Qc7 9. O-O-O b5 10. Bd3 Bb7 11. Qe2 b4 12. Nd5 exd5 13. exd5+ Kd8 14. Rhe1 Kc8
15. Qe8+ Nxe8 16. Rxe8+ Qd8 17. Rxd8+ Kc7 18. Rxa8 Bxa8 19. Bxa6 h6 20. Bh4 g5
21. fxg5 hxg5 22. Bg3 Nb6 23. Nf5 Bxd5 24. Bf1 Rg8 25. Rd4 Rg6 26. Rxb4 Rf6 27.
Ne3 Kc6 28. Bb5+ Kc5 29. a3 Bh6 30. Ng4 Re6 31. Bf2+ 1-0

[Event "Boxing Week Sectional"]
[Site "Grande Prairie CAN"]
[Date "2010.12.29"]
[Round "3"]
[White "Roy, Jim"]
[Black "Caughlin, Wade"]
[Result "0-1"]
[WhiteElo "1928"]
[BlackElo "1971"]
[PlyCount "52"]
[EventDate "2010.12.29"]
[EventType "tourn"]
[EventRounds "3"]
[EventCountry "CAN"]

1. Nc3 g6 2. e4 Bg7 3. f4 d6 4. Nf3 a6 5. d4 b5 6. a4 b4 7. Nd5 c5 8. Bc4 Bg4
9. dxc5 dxc5 10. Be3 e6 11. Bxc5 exd5 12. Bxd5 Nd7 13. Ng5 Qxg5 14. fxg5 Bxd1
15. Bxa8 Nxc5 16. Rxd1 Ne7 17. b3 O-O 18. Bd5 Bc3+ 19. Ke2 Re8 20. Kf3 Nxd5 21.
exd5 Ne4 22. Rd3 Nd6 23. Rf1 Re5 24. h4 Kf8 25. Re3 Rxd5 26. Kg3 Nf5+ 0-1

[Event "British Columbia Closed"]
[Site "Victoria CAN"]
[Date "2010.10.08"]
[Round "1"]
[White "Gansvind, Valeriya"]
[Black "Wu, Howard"]
[Result "1-0"]
[WhiteElo "2321"]
[BlackElo "2167"]
[PlyCount "41"]
[EventDate "2010.10.08"]
[EventType "tourn"]
[EventRounds "7"]
[EventCountry "CAN"]

1. d4 d5 2. Nf3 Nf6 3. b3 g6 4. Bb2 Bg7 5. e3 O-O 6. Bd3 c5 7. Nbd2 Nc6 8. O-O
Bg4 9. h3 Bxf3 10. Nxf3 Ne4 11. Qe2 Rc8 12. a3 Qb6 13. dxc5 Qxc5 14. b4 Qd6 15.
Bxg7 Kxg7 16. c4 f5 17. cxd5 Qxd5 18. Qb2+ Rf6 19. Rfd1 Nd8 20. Bxe4 Qxe4 21.
Ng5 1-0

[Event "British Columbia Closed"]
[Site "Victoria CAN"]
[Date "2010.10.08"]
[Round "1"]
[White "McLaren, Brian"]
[Black "Steininger, Gavin"]
[Result "1-0"]
[WhiteElo "2203"]
[BlackElo "2130"]
[PlyCount "95"]
[EventDate "2010.10.08"]
[EventType "tourn"]
[EventRounds "7"]
[EventCountry "CAN"]

1. e4 c5 2. Nc3 Nc6 3. g3 g6 4. d3 Bg7 5. Bg2 d6 6. Be3 Nf6 7. h3 e5 8. Nge2 b5
9. a3 Rb8 10. O-O O-O 11. b4 Nd4 12. Rb1 Bd7 13. f4 Nh5 14. fxe5 Bxe5 15. g4
Ng7 16. Nd5 Be6 17. bxc5 dxc5 18. c3 Nxe2+ 19. Qxe2 Bxd5 20. exd5 Bxc3 21. Bxc5
Re8 22. Qf2 Qd7 23. Bxa7 Ra8 24. Bc5 Rac8 25. Rbc1 Be5 26. d4 Bb8 27. Rc3 f5
28. Bf3 Bd6 29. Rfc1 Ra8 30. Qb2 Rab8 31. Rb3 Bg3 32. Qg2 Bf4 33. Rf1 Re3 34.
Rxe3 Bxe3+ 35. Kh1 f4 36. Rb1 Ne8 37. d6 Nxd6 38. Bc6 Qc7 39. Qd5+ Nf7 40. Rxb5
Rxb5 41. Bxb5 Qa5 42. Bb4 Qa7 43. Bc4 Bxd4 44. Qd8+ Kg7 45. Bf8+ Kh8 46. Qd5
Qb6 47. Bb4 Qf6 48. Qxf7 1-0

[Event "British Columbia Closed"]
[Site "Victoria CAN"]
[Date "2010.10.08"]
[Round "1"]
[White "Sohal, Tanraj"]
[Black "Patterson, Roger"]
[Result "1/2-1/2"]
[WhiteElo "2030"]
[BlackElo "2154"]
[PlyCount "77"]
[EventDate "2010.10.08"]
[EventType "tourn"]
[EventRounds "7"]
[EventCountry "CAN"]

1. d4 f5 2. e4 fxe4 3. Nc3 Nf6 4. Bg5 Nc6 5. d5 Ne5 6. Qe2 g6 7. f4 Nf7 8. Bxf6
exf6 9. Nxe4 Qe7 10. Nxf6+ Kd8 11. Qxe7+ Bxe7 12. Ne4 Bb4+ 13. Kf2 d6 14. Bd3
Rf8 15. Nf3 Bg4 16. Nf6 Bxf3 17. Kxf3 Ne5+ 18. fxe5 dxe5 19. Ke4 Rxf6 20. Rhf1
Ke7 21. Kxe5 Raf8 22. Rxf6 Rxf6 23. a3 Bd6+ 24. Kd4 Rf4+ 25. Ke3 a5 26. g3 Rf6
27. Re1 Bc5+ 28. Kd2+ Kd6 29. Bc4 c6 30. dxc6 Kxc6 31. Re6+ Rxe6 32. Bxe6 Bg1
33. Bg8 Bxh2 34. Bxh7 Bxg3 35. Bxg6 Kc5 36. Be4 b6 37. c3 Bf2 38. b4+ axb4 39.
axb4+ 1/2-1/2

[Event "British Columbia Closed"]
[Site "Victoria CAN"]
[Date "2010.10.08"]
[Round "1"]
[White "Yoos, John"]
[Black "Kyriakides, Savvas"]
[Result "1/2-1/2"]
[WhiteElo "2466"]
[BlackElo "2072"]
[PlyCount "39"]
[EventDate "2010.10.08"]
[EventType "tourn"]
[EventRounds "7"]
[EventCountry "CAN"]

1. e4 c6 2. d4 d5 3. e5 Bf5 4. Nf3 e6 5. Be2 c5 6. Be3 Qc7 7. O-O cxd4 8. Nxd4
Qxe5 9. c4 Nc6 10. cxd5 exd5 11. Nxf5 Qxf5 12. Bg4 Qg6 13. Re1 Be7 14. Bc5 Kf8
15. Bxe7+ Ngxe7 16. Nc3 Rd8 17. Bh5 Qf5 18. Bg4 Qg6 19. Bh5 Qf5 20. Bg4 1/2-1/2

[Event "British Columbia Closed"]
[Site "Victoria CAN"]
[Date "2010.10.09"]
[Round "2"]
[White "Kyriakides, Savvas"]
[Black "Wu, Howard"]
[Result "0-1"]
[WhiteElo "2072"]
[BlackElo "2167"]
[PlyCount "114"]
[EventDate "2010.10.08"]
[EventType "tourn"]
[EventRounds "7"]
[EventCountry "CAN"]

1. e4 c5 2. Nf3 Nc6 3. d4 cxd4 4. Nxd4 Nf6 5. Nc3 d6 6. Be2 g6 7. Be3 Bg7 8.
Qd2 O-O 9. O-O-O Bd7 10. f3 Qa5 11. Nb3 Qc7 12. Bh6 Ne5 13. h4 Rfc8 14. h5 Bh8
15. hxg6 fxg6 16. Nd4 Nc4 17. Bxc4+ Qxc4 18. Qe2 Ng4 19. fxg4 Bxd4 20. Qxc4+
Rxc4 21. Nd5 Bxg4 22. b3 Bxd1 23. Rxd1 Bb2+ 24. Kxb2 Rxe4 25. Bg5 Re8 26. Rd2
Kg7 27. c4 h6 28. Bf4 Rf8 29. Bg3 a6 30. a4 h5 31. Kc2 h4 32. Kd3 Rg4 33. Bf2
e5 34. Bb6 g5 35. Ne3 Rg3 36. Bc7 h3 37. gxh3 Rff3 38. Re2 Rxh3 39. Bxd6 Kf6
40. Ke4 Rf4+ 41. Kd5 Rd4+ 42. Kc5 Ke6 43. Nd5 b6+ 44. Kc6 e4 45. Bc7 Rxb3 46.
Nxb6 e3 47. Bd8 Rxd8 48. Kb7 Rd2 49. Re1 e2 50. c5 Rb1 51. Rxb1 Rd1 52. Rxd1
exd1=Q 53. c6 Qh1 54. Nc8 g4 55. Kb6 g3 56. c7 Qa8 57. Na7 Kd7 0-1

[Event "British Columbia Closed"]
[Site "Victoria CAN"]
[Date "2010.10.09"]
[Round "2"]
[White "Patterson, Roger"]
[Black "Gansvind, Valeriya"]
[Result "0-1"]
[WhiteElo "2154"]
[BlackElo "2321"]
[PlyCount "80"]
[EventDate "2010.10.08"]
[EventType "tourn"]
[EventRounds "7"]
[EventCountry "CAN"]

1. e4 c5 2. Nf3 e6 3. d4 cxd4 4. Nxd4 a6 5. Nc3 Qc7 6. Bd3 Nf6 7. O-O d6 8. Kh1
Be7 9. f4 h5 10. Qe2 Nbd7 11. Bd2 Ng4 12. Nd1 b6 13. Nf2 Nxf2+ 14. Qxf2 Bb7 15.
Rae1 h4 16. h3 Nf6 17. Nf3 d5 18. exd5 Bxd5 19. Ng5 Bc5 20. Be3 Bxe3 21. Rxe3
Rh5 22. c4 Bb7 23. Bg6 fxg6 24. Nxe6 Qb8 25. Nxg7+ Kf7 26. Nxh5 Nxh5 27. Qxh4
Qd8 28. Qg4 Nf6 29. Qe2 Rc8 30. Rd1 Qf8 31. Re1 Rc7 32. Re6 Qd8 33. Rxb6 Ne4
34. Kh2 Nf6 35. Qe6+ Kg7 36. Qe5 Rd7 37. Re6 Kf7 38. Re2 Bc8 39. c5 Qh8 40. c6
Ng4+ 0-1

[Event "British Columbia Closed"]
[Site "Victoria CAN"]
[Date "2010.10.09"]
[Round "2"]
[White "Steininger, Gavin"]
[Black "Sohal, Tanraj"]
[Result "0-1"]
[WhiteElo "2130"]
[BlackElo "2130"]
[PlyCount "70"]
[EventDate "2010.10.08"]
[EventType "tourn"]
[EventRounds "7"]
[EventCountry "CAN"]

1. e4 c5 2. Nf3 Nc6 3. d4 cxd4 4. Nxd4 Nf6 5. Nc3 e5 6. Ndb5 d6 7. Bg5 a6 8.
Na3 Be6 9. Bxf6 gxf6 10. Nd5 Qa5+ 11. c3 Bxd5 12. exd5 Ne7 13. Nc4 Qc5 14. b4
Qc7 15. a4 Bg7 16. a5 O-O 17. Ra3 f5 18. Nb6 e4 19. c4 Rad8 20. Qh5 f4 21. f3
exf3 22. Rxf3 Ng6 23. Bd3 Qe7+ 24. Kd2 Qf6 25. Bc2 Rfe8 26. Qf5 Qxf5 27. Bxf5
Nh4 28. Bxh7+ Kxh7 29. Rh3 Bf6 30. g3 Re3 31. Rf1 Rde8 32. Rxh4+ Bxh4 33. gxh4
f3 34. c5 dxc5 35. bxc5 Ra3 0-1

[Event "British Columbia Closed"]
[Site "Victoria CAN"]
[Date "2010.10.09"]
[Round "2"]
[White "Yoos, John"]
[Black "McLaren, Brian"]
[Result "1/2-1/2"]
[WhiteElo "2466"]
[BlackElo "2203"]
[PlyCount "102"]
[EventDate "2010.10.08"]
[EventType "tourn"]
[EventRounds "7"]
[EventCountry "CAN"]

1. e4 Nf6 2. e5 Nd5 3. d4 d6 4. Nf3 Bg4 5. Be2 c6 6. c4 Nb6 7. exd6 exd6 8. O-O
Be7 9. Nbd2 O-O 10. Qc2 Bf6 11. Bd3 g6 12. h3 Bxf3 13. Nxf3 d5 14. c5 N6d7 15.
Bf4 Re8 16. Rfe1 Nf8 17. Rxe8 Qxe8 18. Re1 Qd8 19. Qe2 Nbd7 20. b4 Ne6 21. Be3
Qf8 22. Qd2 a6 23. Bh6 Bg7 24. Bxg7 Qxg7 25. Bc2 Qf6 26. a4 Kg7 27. Re3 h6 28.
h4 Re8 29. g3 Nc7 30. Rxe8 Nxe8 31. Kg2 Nc7 32. h5 Ne6 33. hxg6 fxg6 34. Qd3 h5
35. Qe3 g5 36. Qd3 Ndf8 37. Ne5 h4 38. Qe3 Kg8 39. Kh3 Qh8 40. Kg2 Qf6 41. Bd3
Kg7 42. b5 axb5 43. axb5 cxb5 44. Bxb5 Ng6 45. Ng4 Qf5 46. Be2 hxg3 47. fxg3
Ne7 48. Bf3 Nc6 49. Qb3 Ncxd4 50. Qxb7+ Kg6 51. Qxd5 Qxf3+ 1/2-1/2

[Event "British Columbia Closed"]
[Site "Victoria CAN"]
[Date "2010.10.09"]
[Round "3"]
[White "Gansvind, Valeriya"]
[Black "Steininger, Gavin"]
[Result "1/2-1/2"]
[WhiteElo "2321"]
[BlackElo "2130"]
[PlyCount "65"]
[EventDate "2010.10.08"]
[EventType "tourn"]
[EventRounds "7"]
[EventCountry "CAN"]

1. d4 Nf6 2. Nf3 e6 3. e3 b6 4. Bd3 Bb7 5. Nbd2 c5 6. b3 Nc6 7. a3 Be7 8. Bb2
O-O 9. O-O d6 10. Qe2 Re8 11. Rfd1 Bf8 12. Ba6 Bxa6 13. Qxa6 Qc8 14. Qxc8 Raxc8
15. dxc5 dxc5 16. Bxf6 gxf6 17. Ne4 Kg7 18. Nd6 Bxd6 19. Rxd6 Red8 20. Rad1
Rxd6 21. Rxd6 Rd8 22. Rxd8 Nxd8 23. Kf1 Nb7 24. Ke2 Nd6 25. Nd2 f5 26. Kd3 Kf6
27. a4 Ke7 28. f3 e5 29. Nc4 f6 30. Nxd6 Kxd6 31. e4 f4 32. g4 a6 33. Kc4
1/2-1/2